Central Library OPAC University of Rajshahi

Hi-fi loudspeakers and enclosures / (Record no. 73531)

MARC details
000 -LEADER
fixed length control field 00757nam a2200265 a 4500
001 - CONTROL NUMBER
control field 73531
003 - CONTROL NUMBER IDENTIFIER
rucl marc code BD-RjUL
005 - DATE AND TIME OF LATEST TRANSACTION
control field 20211209082416.0
008 - FIXED-LENGTH DATA ELEMENTS--GENERAL INFORMATION
fixed length control field 170603s1968 nyua 001 0 eng
035 ## - SYSTEM CONTROL NUMBER
System control number (BD-RjUL)73749
040 ## - CATALOGING SOURCE
Original cataloging agency DLC
Transcribing agency DLC
Modifying agency DLC
-- BD-RjUL
Language of cataloging eng
041 ## - LANGUAGE CODE
Language code of text/sound track or separate title eng
082 00 - DEWEY DECIMAL CLASSIFICATION NUMBER
Classification number 621.389332
Edition number 23
Author mark and year COH 1968
100 1# - MAIN ENTRY--PERSONAL NAME
Personal name Cohen, Abraham B.,
Dates associated with a name 1910-
9 (RLIN) 217561
245 10 - TITLE STATEMENT
Title Hi-fi loudspeakers and enclosures /
Statement of responsibility, etc. Abraham B. Cohen.
250 ## - EDITION STATEMENT
Edition statement Rev., 2d ed.
260 ## - PUBLICATION, DISTRIBUTION, ETC. (IMPRINT)
Place of publication, distribution, etc. New York :
Name of publisher, distributor, etc. Hayden Book Co.,
Date of publication, distribution, etc. 1968
300 ## - PHYSICAL DESCRIPTION
Pagination x, 438 p. :
Illustrations ill. ;
Size 22 cm.
350 ## - PRICE (NR) (BK AM CF MU VM SE) [OBSOLETE]
Price 7.95
490 0# - SERIES STATEMENT
Series statement Rider series
650 #0 - SUBJECT ADDED ENTRY--TOPICAL TERM
Topical term or geographic name as entry element Loudspeakers.
9 (RLIN) 43128
Topical term or geographic name as entry element High-fidelity sound systems.
9 (RLIN) 217562
830 ## - SERIES ADDED ENTRY--UNIFORM TITLE
Uniform title Rider series
942 ## - ADDED ENTRY ELEMENTS (KOHA)
Source of classification or shelving scheme Dewey Decimal Classification
Koha item type Books
Holdings
Lost status Source of classification or shelving scheme Damaged status Not for loan Collection code Permanent Location Current Location Shelving location Date acquired Source of acquisition Cost, normal purchase price Total Checkouts Full call number Date last seen Copy number Koha item type
  Dewey Decimal Classification   Not For Loan Non-fiction Central Library, University of Rajshahi Central Library, University of Rajshahi Reading Room 23/06/1979 Sweets & Zeitlingers 75.00   621.389332 COH 1968 03/06/2017 C-1 Books